| 000 | 00817nam a2200193 a 4500 | ||
|---|---|---|---|
| 001 | 000048504 | ||
| 005 | 20201002061213.0 | ||
| 008 | 190325s2015 dr 000 0 spa d | ||
| 040 |
_aDO-SdBNP _bspa _cBNPHU |
||
| 082 |
_axx _bxx |
||
| 100 | 1 |
_aCroes Hernández, Edwin M. _975923 |
|
| 245 | 1 | 3 |
_aEl mercado eléctrico dominicano en el siglo XX : _bun siglo de globalización, inversión extranjera, disputas y cambio estructural / _cEdwin M. Croes Hernández; edición Félix Méndez. |
| 260 |
_a[Santo Domingo] : _bEditora Mediabyte, _c2015. |
||
| 300 |
_a621 p. : _bil., gráf. |
||
| 500 | _aIncluye referencias bibliográficas y notas al pie de las páginas | ||
| 500 | _aIncluye datos biográficos del autor en la solapa de la cubierta | ||
| 590 | _aInventariado, 2019/VM | ||
| 700 | 1 |
_aMéndez, Félix _eed. _975924 |
|
| 999 |
_c47992 _d47992 |
||